Assasinations - Statistics

General Stats
  • This quiz has been taken 84 times
    76 since last reset
  • The average score is 9 of 14
Answer Stats
Hint Answer % Correct
President killed in a motorcade in Dallas Texas. November 22 1963 John F Kennedy
98%
Nonviolent Civil Rights activist shot and killed at hotel. His death was announced by the previous person. April 4th 1968 Martin luther King
91%
One of the most famous presidential assassinations in history, shot in Ford's theater. April 14th 1865 Abraham Lincoln
88%
This Austrian was shot and killed in his vehicle by Gavrilo Princip and sparked a global conflict. June 28th 1914 Franz Ferdinand
86%
Brother of the above killed during his attempt to run for office. June 5th 1968 Robert Kennedy
86%
Famous rapper killed in drive by shooting in Las Vegas Nevada, September 13th 1996. Tupac
85%
Member of the famous british band the Beatles, was shot and killed outside a record studio. December 8th 1980 John Lennon
74%
US President who was killed while shaking hands with crowd members after a speech. September 6th 1901. William McKinley
66%
The man who fired from the Texas School Book Depository and killed the US president, while on the run he also killed a police officer. He was shot and killed by Jack Ruby, after being detained and was being escorted by police. November 24th 1963 Lee Harvey Oswald
65%
20th US President was shot in the back and survived another 80 days before succumbing to the wound. September 19th 1881 James Garfield
63%
The last of the four major assassinations of the 1960s for the US this Muslim Civil Rights activist was shot and killed, in New York. February 21 1965 Malcom X
35%
Famous Conquistador killed during a struggle with other spaniards in Peru. June 21 1541 Francisco Pizarro
28%
Second President of Iran killed during a meeting, when a briefcase with a bomb in it was detonated. August 30 1981 Rajai
3%
Sheriff who fought at the OK Corral, as depicted in the western Tombstone, one of the famous brothers, he was killed during a billiards game he was shot, its reported he said this when his brother tried to help him up, "Don't, this is the last game i'll play" March 18th 1882 Morgan Earp
2%
No matching quizzes found
Score Distribution
Percent of People with Each Score
Percentile by Number Answered
Your Score History
You have not taken this quiz since the last reset